Culture Générale - Série 2648 - Statistiques

Statistiques générales
  • Ce quiz a été pris 80 fois
  • Le résultat moyen est 3 sur 10
Statistiques - réponses
Question Réponse % Correct
Boisson célèbre dans le monde entier, originaire du Mexique tequila
67%
Ensemble de pratiques, épreuves, traitements ritualisés et imposés, destiné à symboliser l'intégration d'une personne au sein d'un groupe social particulier : étudiants, militaires, professionnels, etc bizutage
60%
Quel nom plus courant est donné à l'uvule - appendice conique situé au fond de la cavité buccale et proche des tonsilles palatines ? luette
48%
De quel pays l'ourdou est-il la langue nationale ? Pakistan
32%
De quelle province canadienne Edmonton est-elle la capitale ? Alberta
30%
De quel état des Etats Unis Boise est-elle la capitale ? Idaho
27%
Comment appelait-on autrefois le bronze ? airain
21%
Petit félin arboricole hantant les forêts denses de l'Amérique du Sud - voir photo ocelot
18%
Champignon parasite qui infecte les céréales et les graminées pendant la floraison, et notamment le seigle ergot
14%
Quelle fleur originaire des forêts tropicales d'Amérique centrale et d'Amérique du Sud est appelée cattleya ? orchidée
8%
Aucun quiz correspondant
Distribution des résultats
% des personnes avec chaque résultat
Percentile par nombre de réponses
Votre historique - résultats
Vous n’avez pas pris ce quiz